000 00846nam a2200217Ii 4500
003 JO-AjNU
008 230605s9999||||xx |||||||||||||| ||und||
040 _aJO-AjNU
_bara
_erda
_cJO-AjNU
041 _aara
050 1 4 _aKMM51.A3588.1999
100 3 _aداود، أحمد محمد علي,
_eauthor
_946475
245 0 0 _aالقرارات الاستثنائية في الأحوال الشخصية، الجزء الاول
250 _aط1
264 3 1 _aعمان : مكتبة دار الثقافة ، 1999
300 _aج1، 746ص
336 _atext
_btxt
_2rdacontent
337 _aunmediated
_bn
_2rdamedia
338 _avolume
_bnc
_2rdacarrier
490 0 _aكتب الشريعة ( 10 )
650 4 _aالأحوال الشخصية -- قوانين وتشريعات -- الأردن -- استئناف الأحكام -- الأردن
_946476
999 _aA20221
_c23789
_d23789